000 00531nam a2200217Ia 4500
003 OSt
005 20220918194102.0
006 a|||||r|||| 00| 0
007 ta
008 220917b |||||||| |||| 00| 0 eng d
024 _a77,598
037 _cTextual
040 _aARTS
_cARTS
_beng
041 _2eng
_aeng
082 _aO152,3N11,SH, J7.1
245 0 _aSatyasiddhi Sastra
260 _c1916
650 _aHINDI LITERATURE
_923866
942 _hO152,3N11,SH, J7.1
_cTEXL
_2CC
999 _c201515
_d201515